000 00338nam a2200133Ia 4500
005 20260326235444.0
008 260326s9999||||xx |||||||||||||| ||und||
100 _aManucy, Albert
245 0 _aPuerto Rico and The Forts of San Juan /
_cAlbert Manucy
260 _bThe Chathan Press
300 _a94 p.
650 _aHISTORIA
942 _cBK
999 _c7507
_d7507